[Event "Sabadell Colon op 4th"]
[Site "Sabadell"]
[Date "2010.03.05"]
[Round "6.14"]
[White "Valenzuela Castillo, Andres"]
[Black "Sans Font, Marc"]
[Result "1/2-1/2"]
[WhiteElo "1729"]
[BlackElo "1569"]
[PlyCount "90"]
[EventDate "2010.01.29"]
[EventType "swiss"]
[EventRounds "9"]
[EventCountry "ESP"]
[SourceTitle "EXT 2024"]
[Source "ChessBase"]
[SourceDate "2023.10.10"]
[SourceVersion "1"]
[SourceVersionDate "2023.10.10"]
[SourceQuality "1"]

1. d4 d5 2. c4 Nc6 3. Nf3 Nf6 4. Nc3 e6 5. Bg5 Be7 6. e3 b6 7. Bd3 dxc4 8. Bxc4 Nd5 9. Bxe7 Ncxe7 10. Ne5 0-0 11. Ne4 Bb7 12. Ng5 Qd6 13. Qh5 Qb4+ 14. Kf1 Nf6 15. Qh4 Nf5 16. Qh3 Bc8 17. b3 Bd7 18. Rb1 Bb5 19. Ngxf7 Rxf7 20. Nxf7 Kxf7 21. Qxf5 Qxc4+ 22. bxc4 exf5 23. Ke2 Ne4 24. f3 Nd6 25. Rhc1 Ba6 26. Kd3 Rd8 27. Rc3 b5 28. Ra3 bxc4+ 29. Kd2 c3+ 30. Rxc3 Nb5 31. Rc5 g6 32. a4 Nd6 33. Rxc7+ Ke6 34. Rb8 Nc4+ 35. Kc3 Nxe3 36. Kd2 Nf1+ 37. Ke1 Bc4 38. Rc6+ Kf7 39. Kf2 f4 40. g3 Ne3 41. Ke1 Bd5 42. Rc1 a5 43. Rc7+ Kf6 44. g4 h5 45. gxh5 gxh5 1/2-1/2

[Event "Sabadell Colon op 4th"]
[Site "Sabadell"]
[Date "2010.02.05"]
[Round "2.10"]
[White "Carbo Hors, David"]
[Black "Valenzuela Castillo, Andres"]
[Result "1-0"]
[WhiteElo "1834"]
[BlackElo "1729"]
[PlyCount "55"]
[EventDate "2010.01.29"]
[EventType "swiss"]
[EventRounds "9"]
[EventCountry "ESP"]
[SourceTitle "EXT 2024"]
[Source "ChessBase"]
[SourceDate "2023.10.10"]
[SourceVersion "1"]
[SourceVersionDate "2023.10.10"]
[SourceQuality "1"]

1. e4 c6 2. d4 d5 3. Nc3 dxe4 4. f3 Nf6 5. fxe4 e6 6. Nf3 Be7 7. Bd3 Qc7 8. e5 Nd5 9. Nxd5 exd5 10. 0-0 h6 11. Qe1 Be6 12. Qg3 Nd7 13. b3 0-0-0 14. c4 Nb6 15. c5 Nd7 16. a4 Rdg8 17. b4 g5 18. b5 h5 19. Bd2 h4 20. Qe1 g4 21. bxc6 Nxc5 22. cxb7+ Kxb7 23. Ba5 Qc8 24. dxc5 Bxc5+ 25. Kh1 gxf3 26. Rxf3 Rg7 27. Qf1 Rhg8 28. Ba6+ 1-0